000 00638nam a22001817a 4500
999 _c28771
_d28771
003 BDDh-ASL
005 20231015030952.0
008 220529s2008 bg ||||| |||| 00| 0 b d
040 _cBDDh-ASL
082 _a954.922
_bAHD
100 1 _96246
_aআহমদ, মনোয়ার
245 1 _aঢাকার পুরোনো কথা /
246 _aDhakar Purono Katha
260 _aঢাকা:
_bমাওলা ব্রাদার্স,
_c২০০৮।
300 _a১৬০ পৃষ্ঠা:
_c২৩ সে.মি.
650 0 _96126
_aHistory of Dhaka (ঢাকার ইতিহাস)
942 _2ddc
_cBK